Sputerò sulle vostre tombe /

Saved in:
Bibliografiske detaljer
Hovedforfatter: Vian, Boris (Author)
Andre forfattere: Del Re, Stefano
Format: Bog
Sprog:italiensk
Udgivet: Milano : Oscar Mondadori, 2006
Serier:Oscar narrativa ; 1929
Oscar scrittori moderni
Tags: Tilføj Tag
Ingen Tags, Vær først til at tagge denne postø!

MARC

LEADER 00000nam a22000007i 4500
001 IT\ICCU\PAL\0204391
003 ItRI
005 20250418174451.0
008 060626s2006 it |||||| ||||| |||||c
020 |a 8804555602 
020 |a 9788804555605 
040 |b ita  |c Arcigay Queer VdA 
041 7 |a ita  |2 ISO-639-2 
100 1 |a Vian, Boris  |0 IT\ICCU\CFIV\115706  |4 aut 
240 1 0 |a J'irai cracher sur vos tombes  |9 Vian, Boris 
245 1 0 |a Sputerò sulle vostre tombe /  |c Boris Vian ; a cura di Stefano Del Re. 
260 |a Milano :  |b Oscar Mondadori,  |c 2006 
300 |a 138 p. ;  |c 20 cm 
500 |a Sul dorso: 1929 
700 1 |a Del Re, Stefano  |0 IT\ICCU\RAVV\066974 
830 0 |a Oscar narrativa ;  |v 1929  |0 IT\ICCU\CFI\0167118 
830 0 |a Oscar scrittori moderni  |0 IT\ICCU\PUV\1173370 
942 |2 ddc  |c BK 
952 |0 0  |1 0  |2 ddc  |4 0  |6 843_914000000000000_VIA_SPU  |7 1  |9 3867  |a AO  |b AO  |d 2025-04-18  |l 0  |o 843.914 VIA SPU  |p 11097  |r 2025-04-18 17:45:08  |w 2025-04-18  |x Di proprietà di Giulio Gasperini  |y BK 
981 1 |6 z01  |a i   |b xxxe  
982 1 |6 z01  |a n 
999 |c 3016  |d 3016